DIARI HARTANAH : #LADYBOSSPROPERTY

Bibliographic Details
Main Author: Adlina MN (Author)
Other Authors: Adam Mukhriz (Editor)
Format: Book
Language:Malay
Published: Kajang, Selangor : AMN MEDIA CREATIVE [2019]
Subjects:

MARC

LEADER 00000cam a2200000 7i4500
001 0000029250
005 20241126.0
008 210510 my o may
020 |a 9789671681213 
040 |a INS   |b eng   |e rda 
090 0 0 |a PR6037.Y6   |b A237 2019 
100 1 |a Adlina MN ,   |e author 
245 1 0 |a DIARI HARTANAH :   |b #LADYBOSSPROPERTY   |c Adlina MN; Editor: Adam Mukhriz 
264 1 |a Kajang, Selangor :   |b AMN MEDIA CREATIVE   |c [2019] 
300 |a 163 pages :   |b photographs ;   |c 21 cm. 
336 |a text  |2 rdacontent 
337 |a unmediated  |2 rdamedia 
338 |a volume  |2 rdacarrier 
504 |a Includes bibliographical references 
650 0 |a Diarists   |x Fiction 
700 0 |a Adam Mukhriz ,   |e editor 
999 |a 1000004216   |b BOOK   |c Open Shelf   |e Default branch